[Event "Birstonas op"]
[Site "Birstonas"]
[Date "2002.08.20"]
[Round "4"]
[White "Dambravaite, Asta"]
[Black "Martinkus, Rolandas"]
[Result "0-1"]
[WhiteElo "2110"]
[BlackElo "2323"]
[PlyCount "122"]
[EventDate "2002.08.17"]
[EventType "swiss"]
[EventRounds "9"]
[EventCountry "LTU"]
[SourceTitle "CBM 089 Extra"]
[Source "ChessBase"]
[SourceDate "2002.09.10"]
[SourceVersion "2"]
[SourceVersionDate "2002.09.10"]
[SourceQuality "1"]

1. d4 c5 2. d5 e5 3. e4 d6 4. c4 g6 5. g3 Bg7 6. Bg2 Ne7 7. Ne2 0-0 8. 0-0 Nd7 9. Nbc3 a6 10. a4 b6 11. Be3 f5 12. f3 Nf6 13. Qd2 Bd7 14. Bh6 fxe4 15. fxe4 Bxh6 16. Qxh6 Ng4 17. Qd2 Kg7 18. Rxf8 Qxf8 19. Rf1 Nf6 20. Nc1 Neg8 21. b3 Rb8 22. h3 Qc8 23. Kh2 b5 24. axb5 axb5 25. Nd3 Ra8 26. Nc1 Qb8 27. Nd3 h6 28. Rb1 b4 29. Ne2 Ra3 30. Rb2 Nh7 31. Nec1 Ngf6 32. Nf2 Ng5 33. Qe2 Qc8 34. Ncd3 Qa8 35. Nc1 Nh5 36. Ncd3 Qf8 37. Qe3 Bc8 38. Ne1 Ra7 39. Nfd3 Rf7 40. Rf2 Rxf2 41. Nxf2 Qe7 42. Nf3 Nf7 43. Nd2 Qa7 44. Nd3 Qa2 45. g4 Nf6 46. Nf2 g5 47. Bf3 Nh8 48. Nf1 Ng6 49. Ng3 Nf4 50. Kg1 Qa1+ 51. Kh2 Qb2 52. Kg1 Bd7 53. Bd1 Ng8 54. Ne2 Ne7 55. Nxf4 exf4 56. Qe2 Qa1 57. Kh2 Ng6 58. Nd3 Kf6 59. Ne1 Ne5 60. Qd2 Be8 61. Be2 Bg6 0-1

[Event "EU-Cup (Women) 05th"]
[Site "Halle"]
[Date "2000.09.28"]
[Round "5.4"]
[White "Timurova, Lilia"]
[Black "Dambravaite, Asta"]
[Result "1/2-1/2"]
[WhiteElo "2183"]
[BlackElo "2139"]
[PlyCount "90"]
[EventDate "2000.09.24"]
[EventType "team-swiss"]
[EventRounds "7"]
[EventCountry "GER"]
[SourceTitle "EXT 2013"]
[Source "ChessBase"]
[SourceDate "2012.11.22"]
[SourceVersion "1"]
[SourceVersionDate "2012.11.22"]
[SourceQuality "1"]
[WhiteTeam "Kazan Alisa (W)"]
[BlackTeam "Vilkaviskis Sirvinta (W)"]
[WhiteTeamCountry "RUS"]
[BlackTeamCountry "LTU"]

1. Nf3 d5 2. e3 Nf6 3. c4 c6 4. Nc3 Bg4 5. Qb3 b6 6. cxd5 Nxd5 7. Nxd5 Bxf3 8. gxf3 Qxd5 9. Qxd5 cxd5 10. Bb5+ Kd8 11. d4 e6 12. e4 a6 13. Ba4 b5 14. Bc2 Nc6 15. Be3 Rc8 16. Bb3 Bb4+ 17. Kf1 dxe4 18. fxe4 Na5 19. Rg1 g6 20. Kg2 Nxb3 21. axb3 a5 22. d5 exd5 23. Rgd1 Ke7 24. Rxd5 Rhd8 25. Rxb5 Rd3 26. Bg5+ Ke6 27. Rb6+ Rd6 28. Rxd6+ Kxd6 29. Rc1 Rxc1 30. Bxc1 Ke5 31. Kf3 Kd4 32. Ke2 Kxe4 33. Be3 f5 34. f3+ Kd5 35. Bb6 g5 36. h3 h5 37. Kd3 g4 38. fxg4 fxg4 39. hxg4 hxg4 40. Bc7 Kc6 41. Bg3 Bd6 42. Be1 g3 43. Kc4 Kb6 44. b4 axb4 45. Bxg3 Bxg3 1/2-1/2

[Event "EU-Cup (Women) 05th"]
[Site "Halle"]
[Date "2000.09.24"]
[Round "1.4"]
[White "Dambravaite, Asta"]
[Black "Ovod, Evgenija"]
[Result "0-1"]
[WhiteElo "2139"]
[BlackElo "2263"]
[PlyCount "84"]
[EventDate "2000.09.24"]
[EventType "team-swiss"]
[EventRounds "7"]
[EventCountry "GER"]
[SourceTitle "EXT 2013"]
[Source "ChessBase"]
[SourceDate "2012.11.22"]
[SourceVersion "1"]
[SourceVersionDate "2012.11.22"]
[SourceQuality "1"]
[WhiteTeam "Vilkaviskis Sirvinta (W)"]
[BlackTeam "St Petersburg (W)"]
[WhiteTeamCountry "LTU"]
[BlackTeamCountry "RUS"]

1. d4 Nf6 2. Nf3 e6 3. c4 Bb4+ 4. Bd2 Qe7 5. Nc3 b6 6. g3 Bb7 7. Bg2 Bxc3 8. Bxc3 Ne4 9. Qc2 Nxc3 10. Qxc3 d6 11. 0-0 Nd7 12. b4 0-0 13. Rac1 c5 14. dxc5 dxc5 15. b5 e5 16. Rfd1 e4 17. Ne1 f5 18. Nc2 f4 19. gxf4 Rxf4 20. Qd2 Rf7 21. Qd6 Qh4 22. Qg3 Qh5 23. Bh3 Nf8 24. Bg4 Qg5 25. Ne3 Re8 26. Bh3 Qh5 27. Bg4 Qg5 28. Bh3 Qh5 29. Bg4 Qg5 30. Rd6 Re5 31. Rcd1 h5 32. Bh3 Qe7 33. Ng2 e3 34. f3 Rg5 35. Qe1 Bxf3 36. exf3 Rxf3 37. Rd7 Nxd7 38. Rxd7 Qf6 39. Qd1 Rxh3 40. Rd8+ Kh7 41. Qc2+ Rg6 42. Rd1 Qe5 0-1

[Event "EU-Cup (Women) 04th"]
[Site "Nova Gorica"]
[Date "1999.07.01"]
[Round "4.2"]
[White "Dambravaite, Asta"]
[Black "Grosar, Kiti"]
[Result "1/2-1/2"]
[WhiteElo "2151"]
[BlackElo "2214"]
[PlyCount "138"]
[EventDate "1999.06.28"]
[EventType "team-swiss"]
[EventRounds "7"]
[EventCountry "SLO"]
[SourceTitle "EXT 2013"]
[Source "ChessBase"]
[SourceDate "2012.11.22"]
[SourceVersion "1"]
[SourceVersionDate "2012.11.22"]
[SourceQuality "1"]
[WhiteTeam "Vilkaviskis Sirvinta (W)"]
[BlackTeam "Nova Gorica (W)"]
[WhiteTeamCountry "LTU"]
[BlackTeamCountry "SLO"]

1. d4 Nf6 2. Nf3 g6 3. g3 Bg7 4. Bg2 0-0 5. 0-0 d6 6. Nbd2 c5 7. c3 Nc6 8. Re1 cxd4 9. Nxd4 Bd7 10. e4 Rc8 11. N2f3 a6 12. h3 b5 13. Qd3 Qc7 14. Bg5 Rfd8 15. Nxc6 Bxc6 16. Nd4 Bb7 17. Rad1 h6 18. Bxf6 Bxf6 19. a3 Bg7 20. Qe3 Ba8 21. Qe2 Qb6 22. Rd2 Rc4 23. Qe3 Rb8 24. Kh2 Rcc8 25. Nc2 Qxe3 26. Nxe3 a5 27. Nc2 Rc7 28. Bf1 Bc6 29. f4 h5 30. h4 Bd7 31. Bh3 Bxh3 32. Kxh3 Rc5 33. Rd3 Kf8 34. Kg2 Rb6 35. Red1 Bh8 36. Ne3 Rb8 37. Nc2 Ke8 38. Kf3 f5 39. Rd5 fxe4+ 40. Kxe4 Rbc8 41. Ne3 Kd7 42. Nc2 R8c6 43. R5d3 Rc4+ 44. Kf3 e6 45. Re3 d5 46. Red3 Kd6 47. R1d2 Rc7 48. Rd1 Bg7 49. Re3 e5 50. fxe5+ Bxe5 51. Red3 Rf7+ 52. Kg2 Kc6 53. Re1 Re4 54. Rde3 Rd7 55. Kh3 Rxe3 56. Rxe3 Bg7 57. Re8 d4 58. cxd4 Bxd4 59. Re6+ Kc5 60. Nxd4 Rxd4 61. Rxg6 a4 62. Rg5+ Kc4 63. Rf5 Rd2 64. Rf4+ Kb3 65. Rb4+ Ka2 66. Rxb5 Rxb2 67. Rxh5 Kxa3 68. Ra5 Kb4 69. Ra8 a3 1/2-1/2

[Event "EU-Cup (Women) 04th"]
[Site "Nova Gorica"]
[Date "1999.06.30"]
[Round "3.2"]
[White "Horvath, Maria"]
[Black "Dambravaite, Asta"]
[Result "0-1"]
[WhiteElo "2067"]
[BlackElo "2151"]
[PlyCount "129"]
[EventDate "1999.06.28"]
[EventType "team-swiss"]
[EventRounds "7"]
[EventCountry "SLO"]
[SourceTitle "EXT 2013"]
[Source "ChessBase"]
[SourceDate "2012.11.22"]
[SourceVersion "1"]
[SourceVersionDate "2012.11.22"]
[SourceQuality "1"]
[WhiteTeam "Carinthia (W)"]
[BlackTeam "Vilkaviskis Sirvinta (W)"]
[WhiteTeamCountry "AUT"]
[BlackTeamCountry "LTU"]

1. d4 d5 2. c4 e6 3. Nc3 Nf6 4. cxd5 exd5 5. Bg5 Be7 6. e3 c6 7. Qc2 Nbd7 8. Bd3 0-0 9. Nf3 Re8 10. 0-0 h6 11. Bf4 Nf8 12. h3 Bd6 13. Bxd6 Qxd6 14. Rab1 Be6 15. b4 a6 16. Na4 Rad8 17. Nc5 Bc8 18. a4 N8d7 19. Rfc1 Nf8 20. b5 axb5 21. axb5 Qc7 22. bxc6 bxc6 23. Ne5 Rd6 24. Bf5 Re7 25. Bxc8 Qxc8 26. Rb6 Rc7 27. Rcb1 N8d7 28. Ncxd7 Nxd7 29. Nxd7 Qxd7 30. Rb8+ Rc8 31. R1b7 Qe8 32. Qb1 Rdd8 33. Rxc8 Rxc8 34. Qb6 Qe6 35. Qa7 Kf8 36. Qa3+ Kg8 37. Re7 Qf6 38. Qa7 Rd8 39. Qc7 Ra8 40. Rd7 Ra1+ 41. Kh2 Qxf2 42. Rd8+ Kh7 43. Qf4 Qxf4+ 44. exf4 Rd1 45. Rc8 Rxd4 46. Rxc6 Rxf4 47. Rd6 Rd4 48. Kg3 Rd2 49. Kf3 f5 50. g4 fxg4+ 51. hxg4 d4 52. Ke4 Rd1 53. Kf3 d3 54. Rd4 Kg6 55. Rd6+ Kf7 56. Rd7+ Kf6 57. Rd6+ Ke7 58. Rg6 Kf7 59. Rd6 d2 60. Ke2 Rg1 61. Rxd2 Rxg4 62. Kf2 h5 63. Kf3 Rb4 64. Kg3 g5 65. Rd6 0-1

[Event "EU-Cup (Women) 04th"]
[Site "Nova Gorica"]
[Date "1999.06.29"]
[Round "2.2"]
[White "Dambravaite, Asta"]
[Black "Batyte, Daiva"]
[Result "0-1"]
[WhiteElo "2151"]
[BlackElo "2124"]
[PlyCount "120"]
[EventDate "1999.06.28"]
[EventType "team-swiss"]
[EventRounds "7"]
[EventCountry "SLO"]
[SourceTitle "EXT 2013"]
[Source "ChessBase"]
[SourceDate "2012.11.22"]
[SourceVersion "1"]
[SourceVersionDate "2012.11.22"]
[SourceQuality "1"]
[WhiteTeam "Vilkaviskis Sirvinta (W)"]
[BlackTeam "Kaunas Margiris (W)"]
[WhiteTeamCountry "LTU"]
[BlackTeamCountry "LTU"]

1. d4 e6 2. c4 Nf6 3. Nc3 Bb4 4. Qc2 d5 5. cxd5 exd5 6. Nf3 0-0 7. Bg5 Nbd7 8. e3 h6 9. Bh4 c6 10. Bd3 Qc7 11. 0-0 Bd6 12. Ne2 Re8 13. Bg3 Ne4 14. Bxe4 dxe4 15. Nd2 Nf6 16. Bxd6 Qxd6 17. Ng3 Qe7 18. Rac1 Bd7 19. Qc5 Qd8 20. Nc4 b6 21. Qa3 Re7 22. Ne5 Re6 23. Rfd1 Nd5 24. Qa4 f6 25. Nxd7 Qxd7 26. Rc2 Ne7 27. Qc4 Kh8 28. Qe2 f5 29. Qh5 Rf8 30. Ne2 Nd5 31. a3 Rd6 32. Ng3 Kh7 33. Qe2 Rg6 34. Kh1 Rg4 35. Rdc1 Rf6 36. f3 Rh4 37. fxe4 fxe4 38. Rf1 Qc7 39. Kg1 Rg6 40. Qe1 Nf6 41. Rf4 Rxf4 42. exf4 Qxf4 43. Rxc6 e3 44. Rc3 Nd5 45. Rd3 Qg5 46. Rd1 h5 47. Qf1 Nf4 48. Kh1 h4 49. Ne2 Nh3 50. Ra1 Nf2+ 51. Kg1 Kh6 52. g3 h3 53. Nc3 Qg4 54. Qe2 Qxd4 55. Re1 Re6 56. Qf3 Nd3 57. Re2 Nc1 58. Re1 e2+ 59. Kh1 Rf6 60. Nxe2 Qd2 0-1

[Event "EU-Cup (Women) 03rd final"]
[Site "Wuppertal"]
[Date "1998.06.21"]
[Round "1"]
[White "Dambravaite, Asta"]
[Black "Kalevic, Sanja"]
[Result "1/2-1/2"]
[WhiteElo "2155"]
[BlackElo "2310"]
[PlyCount "132"]
[EventDate "1998.06.21"]
[EventType "team-k.o."]
[EventRounds "3"]
[EventCountry "GER"]
[SourceTitle "EXT 2020"]
[Source "ChessBase"]
[SourceDate "2019.10.17"]
[SourceVersion "1"]
[SourceVersionDate "2019.10.17"]
[SourceQuality "1"]
[WhiteTeam "Vilkaviskis Sirvinta (W)"]
[BlackTeam "Belgrade BAS (W)"]
[WhiteTeamCountry "LTU"]
[BlackTeamCountry "YUG"]

1. d4 e6 2. c4 Nf6 3. Nc3 Bb4 4. Qc2 0-0 5. a3 Bxc3+ 6. Qxc3 b6 7. Bg5 Ba6 8. Nf3 d6 9. e3 Nbd7 10. Bd3 c5 11. Qc2 h6 12. Bxf6 Nxf6 13. 0-0 Qc7 14. Rac1 Bb7 15. e4 cxd4 16. Nxd4 Rac8 17. Qe2 Rfd8 18. b4 Ba8 19. f3 Qd7 20. Bb1 a6 21. Rfd1 Qc7 22. Nb3 Bc6 23. Nd4 Ba4 24. Bc2 Bxc2 25. Rxc2 Qa7 26. Qf2 d5 27. cxd5 Rxc2 28. Nxc2 exd5 29. exd5 Rxd5 30. Rxd5 Nxd5 31. Qd4 Nf6 32. Ne3 Qc7 33. Qd2 b5 34. g3 Nd7 35. Kg2 Ne5 36. Qc2 Nc4 37. Nxc4 bxc4 38. Qc3 Qc6 39. Kf2 Qd5 40. Ke2 h5 41. h4 f6 42. Qe3 Qd7 43. Qe4 Qb5 44. Kd2 Kf8 45. Qd4 Ke8 46. Kc3 Qa4 47. Qe3+ Kf7 48. Kxc4 Qb5+ 49. Kc3 Qc6+ 50. Kb2 g6 51. Qe4 Qd6 52. Qf4 Qxf4 53. gxf4 g5 54. fxg5 fxg5 55. a4 gxh4 56. b5 axb5 57. a5 h3 58. a6 h2 59. a7 h1Q 60. a8Q Qh2+ 61. Kb3 Qe5 62. Kb4 h4 63. f4 Qb2+ 64. Kc5 b4 65. Qd5+ Ke7 66. Qd6+ Kf7 1/2-1/2

[Event "EU-Cup (Women) 03rd Gr2"]
[Site "Wuppertal"]
[Date "1998.06.17"]
[Round "1"]
[White "Maksimovic, Suzana"]
[Black "Dambravaite, Asta"]
[Result "1-0"]
[WhiteElo "2300"]
[BlackElo "2155"]
[PlyCount "53"]
[EventDate "1998.06.17"]
[EventType "team-tourn"]
[EventRounds "3"]
[EventCountry "GER"]
[SourceTitle "EXT 2020"]
[Source "ChessBase"]
[SourceDate "2019.10.17"]
[SourceVersion "1"]
[SourceVersionDate "2019.10.17"]
[SourceQuality "1"]
[WhiteTeam "Belgrade Partizan (W)"]
[BlackTeam "Vilkaviskis Sirvinta (W)"]
[WhiteTeamCountry "YUG"]
[BlackTeamCountry "LTU"]

1. d4 d5 2. c4 e6 3. Nf3 Nf6 4. e3 Be7 5. Bd3 Nbd7 6. 0-0 0-0 7. Nc3 c6 8. b3 b6 9. Qc2 Bb7 10. Ne5 h6 11. f4 dxc4 12. Bxc4 Nxe5 13. fxe5 Nd5 14. Nxd5 cxd5 15. Bd3 Rc8 16. Qe2 Bg5 17. Bd2 Qd7 18. Qg4 Qd8 19. Rf3 f5 20. exf6 Rxf6 21. Raf1 Qe7 22. h4 Rxf3 23. Rxf3 Bf6 24. Qg6 Kf8 25. g4 e5 26. g5 hxg5 27. hxg5 1-0

[Event "LTU-ch (Women)"]
[Site "Marijampole"]
[Date "1996.??.??"]
[Round "11"]
[White "Dambravaite, Asta"]
[Black "Bandziene, Rasa"]
[Result "0-1"]
[WhiteElo "2135"]
[BlackElo "2165"]
[PlyCount "104"]
[EventDate "1996.??.??"]
[EventType "tourn"]
[EventRounds "11"]
[EventCountry "LTU"]
[SourceTitle "EXT 1997"]
[Source "ChessBase"]
[SourceDate "1996.11.15"]
[SourceVersion "1"]
[SourceVersionDate "1996.11.15"]
[SourceQuality "1"]

1. d4 d6 2. c4 e5 3. e3 Nf6 4. Nc3 c6 5. Bd3 Bg4 6. Nge2 Nbd7 7. Qc2 Bh5 8. Ng3 Bg6 9. b3 Bxd3 10. Qxd3 g6 11. Bb2 Be7 12. 0-0 Qc7 13. f4 0-0-0 14. b4 h5 15. d5 h4 16. Nge2 h3 17. g3 Ng4 18. Na4 c5 19. a3 Nb6 20. Nxb6+ Qxb6 21. b5 Bf6 22. Qe4 Bg7 23. fxe5 Nxe5 24. Rab1 f5 25. Qc2 Bh6 26. Nf4 Rhg8 27. Kh1 Bxf4 28. Rxf4 Rde8 29. e4 fxe4 30. Rxe4 Qd8 31. Bxe5 Rxe5 32. Rxe5 dxe5 33. Qe2 Qg5 34. Re1 Rf8 35. Kg1 Rf5 36. a4 Kd7 37. a5 Kd6 38. Rf1 Rxf1+ 39. Qxf1 Qe3+ 40. Qf2 Qc1+ 41. Qf1 Qe3+ 42. Qf2 Qd4 43. Qxd4 cxd4 44. Kf2 e4 45. Ke2 g5 46. Kd2 g4 47. Ke2 e3 48. Kd3 Ke5 49. Kc2 Ke4 50. d6 d3+ 51. Kb3 e2 52. d7 d2 0-1

[Event "Moravia-ch op (Women)"]
[Site "Moravia"]
[Date "1996.??.??"]
[Round "?"]
[White "Dambravaite, Asta"]
[Black "Sazonova, Elena"]
[Result "1-0"]
[WhiteElo "2135"]
[BlackElo "2250"]
[PlyCount "73"]
[EventDate "1996.??.??"]
[EventType "swiss"]
[EventRounds "9"]
[EventCountry "CZE"]
[SourceTitle "EXT 1998"]
[Source "ChessBase"]
[SourceDate "1997.11.17"]
[SourceVersion "1"]
[SourceVersionDate "1997.11.17"]
[SourceQuality "1"]

1. d4 d5 2. c4 e6 3. Nc3 c6 4. Nf3 Nf6 5. Bg5 Be7 6. e3 0-0 7. Rc1 Nbd7 8. Bd3 h6 9. Bh4 dxc4 10. Bxc4 Nd5 11. Bg3 N7f6 12. h3 Nxc3 13. bxc3 Qa5 14. Nd2 b5 15. Bb3 Bb7 16. 0-0 c5 17. c4 b4 18. Be5 Rad8 19. Qe2 Qb6 20. Ba4 Nd7 21. Bxd7 Rxd7 22. Nb3 f6 23. dxc5 Bxc5 24. Bd4 Bxd4 25. exd4 e5 26. d5 Rc8 27. c5 Qa6 28. Qxa6 Bxa6 29. Rfd1 Bb5 30. Na5 Ba4 31. Rd2 Rdc7 32. c6 Rd7 33. Rc4 Rdd8 34. Rc5 Bxc6 35. Nxc6 Rxc6 36. dxc6 Rxd2 37. c7 1-0

[Event "Moravia-ch op (Women)"]
[Site "Moravia"]
[Date "1996.??.??"]
[Round "?"]
[White "Dambravaite, Asta"]
[Black "Slepankova, Radka"]
[Result "0-1"]
[WhiteElo "2135"]
[BlackElo "2005"]
[PlyCount "170"]
[EventDate "1996.??.??"]
[EventType "swiss"]
[EventRounds "9"]
[EventCountry "CZE"]
[SourceTitle "EXT 1998"]
[Source "ChessBase"]
[SourceDate "1997.11.17"]
[SourceVersion "1"]
[SourceVersionDate "1997.11.17"]
[SourceQuality "1"]

1. d4 Nf6 2. c4 c5 3. d5 b5 4. cxb5 a6 5. bxa6 Bxa6 6. Nc3 d6 7. g3 g6 8. Bg2 Bg7 9. Nf3 Nbd7 10. 0-0 0-0 11. Re1 Ng4 12. Bf4 Qb6 13. Qc2 c4 14. e4 Nge5 15. Nxe5 Nxe5 16. Be3 Qb7 17. Reb1 Nd3 18. Bf1 Rfc8 19. Qd2 Rab8 20. a4 Qb4 21. f3 Rb7 22. Bxd3 cxd3 23. Nb5 Qxd2 24. Bxd2 Bxb5 25. axb5 Rxb5 26. Ra3 Bxb2 27. Kf1 Bxa3 28. Rxb5 Bc1 29. Ke1 Rc2 30. Bxc1 Rxc1+ 31. Kd2 Rh1 32. Kxd3 Rxh2 33. Ke3 Kg7 34. f4 Kf6 35. Rb7 h5 36. Kf3 Rc2 37. Rb3 Rc4 38. Ke3 g5 39. Kf3 g4+ 40. Ke3 Kg6 41. Rb7 Rc3+ 42. Kf2 Rc2+ 43. Kf1 Kf6 44. Rb4 Rc7 45. Rb2 Kg6 46. Rb8 Rc4 47. Rg8+ Kh7 48. Rg5 Kh6 49. e5 f6 50. Rg8 fxe5 51. f5 Rd4 52. Rg6+ Kh7 53. Re6 Rxd5 54. Rxe7+ Kg8 55. f6 Rd3 56. Kg2 Rf3 57. Re6 Kf7 58. Rxd6 Rxf6 59. Rd1 Ke6 60. Re1 Rf3 61. Rh1 Rf5 62. Ra1 Kf6 63. Ra6+ Kg5 64. Ra8 Rf6 65. Re8 Rf5 66. Ra8 Kg6 67. Ra4 Rf6 68. Rb4 Rd6 69. Rb8 Kf5 70. Rh8 Ke4 71. Rxh5 Rd2+ 72. Kf1 Kf3 73. Rf5+ Kxg3 74. Rxe5 Rd1+ 75. Ke2 Rh1 76. Rg5 Rg1 77. Rh5 Kg2 78. Ke3 Rf1 79. Rg5 g3 80. Ke2 Rf3 81. Rg7 Rb3 82. Rg8 Kg1 83. Rh8 g2 84. Rh7 Rb5 85. Rf7 Rh5 0-1

[Event "LTU-ch (Women)"]
[Site "Panevezys"]
[Date "1995.??.??"]
[Round "1"]
[White "Dambravaite, Asta"]
[Black "Leikute, Asta"]
[Result "1-0"]
[WhiteElo "2155"]
[BlackElo "2075"]
[PlyCount "53"]
[EventDate "1995.??.??"]
[EventType "swiss"]
[EventRounds "9"]
[EventCountry "LTU"]
[SourceTitle "EXT 1997"]
[Source "ChessBase"]
[SourceDate "1996.11.15"]
[SourceVersion "1"]
[SourceVersionDate "1996.11.15"]
[SourceQuality "1"]

1. d4 d5 2. c4 e6 3. Nc3 c5 4. cxd5 exd5 5. Nf3 Nc6 6. Bg5 Be7 7. Bxe7 Ngxe7 8. e3 b6 9. Bb5 Bb7 10. Ne5 cxd4 11. Qxd4 0-0 12. Nxc6 Nxc6 13. Bxc6 Bxc6 14. 0-0 Qg5 15. f4 Qf5 16. Rad1 Rad8 17. e4 Qh5 18. Rf3 Bd7 19. Rg3 Qh6 20. Nxd5 Kh8 21. Ne3 f6 22. Qd6 Rf7 23. Qc7 Rg8 24. Rxd7 Rxd7 25. Qxd7 Qxf4 26. Qf5 Qxf5 27. Nxf5 1-0

[Event "LTU-ch (Women)"]
[Site "Vilkaviskis"]
[Date "1994.??.??"]
[Round "13"]
[White "Dambravaite, Asta"]
[Black "Bandziene, Rasa"]
[Result "0-1"]
[WhiteElo "2145"]
[BlackElo "2100"]
[PlyCount "104"]
[EventDate "1994.??.??"]
[EventType "tourn"]
[EventRounds "13"]
[EventCountry "LTU"]
[SourceTitle "EXT 1997"]
[Source "ChessBase"]
[SourceDate "1996.11.15"]
[SourceVersion "1"]
[SourceVersionDate "1996.11.15"]
[SourceQuality "1"]

1. d4 d5 2. c4 Bf5 3. Nc3 e6 4. cxd5 exd5 5. Qb3 Nc6 6. Qa4 Qd7 7. a3 Nf6 8. Bf4 Be7 9. e3 Nh5 10. Be5 Nxe5 11. dxe5 Qxa4 12. Nxa4 0-0-0 13. Be2 g6 14. g4 Bd7 15. Nc3 Bc6 16. Bf3 Ng7 17. 0-0-0 Bh4 18. Nh3 d4 19. Bxc6 dxc3 20. Bd5 cxb2+ 21. Kxb2 Rde8 22. f4 f6 23. e4 fxe5 24. f5 gxf5 25. gxf5 c6 26. Bb3 Rd8 27. Rdg1 Bf6 28. Ng5 Rd2+ 29. Kc3 Rhd8 30. Bc2 Rf2 31. Nxh7 Ne8 32. Nxf6 Nxf6 33. Rg6 Nh5 34. Rd1 Nf4 35. Rxd8+ Kxd8 36. Rg7 Ne2+ 37. Kc4 Nf4 38. Kc3 Ne2+ 39. Kb4 Nd4 40. Bd3 Rb2+ 41. Kc5 Rd2 42. Bc4 b6+ 43. Kb4 Rc2 44. Bf1 a5+ 45. Ka4 Rc1 46. Ba6 Rc3 47. Rg3 Rxg3 48. hxg3 Ke7 49. Bc8 Ne2 50. g4 Nc3+ 51. Kb3 Nxe4 52. Bb7 Nc5+ 0-1

[Event "LTU-ch (Women)"]
[Site "Vilkaviskis"]
[Date "1994.??.??"]
[Round "11"]
[White "Dambravaite, Asta"]
[Black "Leikute, Asta"]
[Result "1-0"]
[WhiteElo "2145"]
[BlackElo "2160"]
[PlyCount "69"]
[EventDate "1994.??.??"]
[EventType "tourn"]
[EventRounds "13"]
[EventCountry "LTU"]
[SourceTitle "EXT 1997"]
[Source "ChessBase"]
[SourceDate "1996.11.15"]
[SourceVersion "1"]
[SourceVersionDate "1996.11.15"]
[SourceQuality "1"]

1. d4 Nf6 2. c4 e5 3. dxe5 Ng4 4. Nf3 Bc5 5. e3 Nc6 6. a3 a5 7. Be2 Ngxe5 8. Nbd2 0-0 9. Nxe5 Nxe5 10. Nf3 Qf6 11. 0-0 a4 12. Nd4 Qh4 13. f4 Nc6 14. Nb5 Bb6 15. Nc3 Re8 16. Nd5 Re6 17. Nxb6 cxb6 18. Rf3 d6 19. Rh3 Qe7 20. Bd3 h6 21. Bd2 Bd7 22. g4 Na5 23. Bf5 Nb3 24. Bxe6 Qxe6 25. Bc3 Bc6 26. Rb1 Qe4 27. Qf1 Re8 28. Re1 Nc5 29. Rd1 Qh1+ 30. Kf2 Qe4 31. Rd4 Qc2+ 32. Qe2 Qxe2+ 33. Kxe2 Ne6 34. Rh5 Nxf4+ 35. Rxf4 1-0

[Event "LTU-ch (Women)"]
[Site "Vilkaviskis"]
[Date "1994.??.??"]
[Round "2"]
[White "Dambravaite, Asta"]
[Black "Malisauskiene, Marina"]
[Result "1-0"]
[WhiteElo "2145"]
[BlackElo "2170"]
[PlyCount "77"]
[EventDate "1994.??.??"]
[EventType "tourn"]
[EventRounds "13"]
[EventCountry "LTU"]
[SourceTitle "EXT 1997"]
[Source "ChessBase"]
[SourceDate "1996.11.15"]
[SourceVersion "1"]
[SourceVersionDate "1996.11.15"]
[SourceQuality "1"]

1. d4 d5 2. c4 e6 3. Nc3 c6 4. cxd5 exd5 5. Nf3 Nf6 6. Bg5 Be7 7. e3 Bf5 8. Bd3 Bxd3 9. Qxd3 Nbd7 10. 0-0 h6 11. Bh4 0-0 12. a3 Re8 13. b4 a6 14. Na4 Ne4 15. Bxe7 Qxe7 16. Nc5 Nf8 17. Nd2 f5 18. Ndxe4 fxe4 19. Qe2 Ng6 20. Qg4 Kh7 21. f3 a5 22. f4 axb4 23. axb4 b6 24. Rxa8 Rxa8 25. Nd7 Nf8 26. Ne5 Qxb4 27. Qf5+ Kh8 28. Nxc6 Qd6 29. Ne5 Qe6 30. Qxe6 Nxe6 31. Rb1 Ra4 32. Rxb6 Nxd4 33. exd4 Rxd4 34. Rb8+ Kh7 35. f5 e3 36. Kf1 e2+ 37. Ke1 h5 38. Ng6 Kh6 39. h4 1-0

[Event "Wisla op (Women)"]
[Site "Warsaw"]
[Date "1994.??.??"]
[Round "?"]
[White "Litynska, Marta"]
[Black "Dambravaite, Asta"]
[Result "1-0"]
[WhiteElo "2290"]
[BlackElo "2145"]
[PlyCount "114"]
[EventDate "1994.??.??"]
[EventType "swiss"]
[EventRounds "9"]
[EventCountry "POL"]
[SourceTitle "EXT 1999"]
[Source "ChessBase"]
[SourceDate "1998.11.16"]
[SourceVersion "1"]
[SourceVersionDate "1998.11.16"]
[SourceQuality "1"]

1. c4 c5 2. Nc3 Nc6 3. g3 g6 4. Bg2 Bg7 5. e3 e6 6. Nge2 Nge7 7. Nf4 d6 8. Rb1 Rb8 9. b3 b6 10. Bb2 Bb7 11. Ne4 e5 12. 0-0 0-0 13. Ne2 d5 14. cxd5 Nxd5 15. a3 f5 16. N4c3 Nxc3 17. Bxc3 Ne7 18. Bxb7 Rxb7 19. b4 cxb4 20. axb4 Qd5 21. f4 Rd8 22. b5 Nc8 23. fxe5 Bxe5 24. Bxe5 Qxe5 25. Nd4 Qd5 26. Qa4 Nd6 27. Rfc1 Ne4 28. Rc2 Ng5 29. Qb3 Kg7 30. Qxd5 Rxd5 31. Rbc1 Rdd7 32. Rc6 Kf7 33. d3 Re7 34. Kf2 Rbd7 35. R1c4 Ne6 36. Nf3 Nd8 37. d4 Rd5 38. Rc8 Kg7 39. R4c7 Rxc7 40. Rxc7+ Kf6 41. Ne5 g5 42. Rxa7 h5 43. h4 gxh4 44. gxh4 f4 45. Kf3 fxe3 46. Kxe3 Kf5 47. Rh7 Rxb5 48. Rxh5+ Ke6 49. Rh8 Ke7 50. Rh7+ Kf8 51. Ke4 Ne6 52. Nd7+ Ke8 53. d5 Nd8 54. Ne5 Rb4+ 55. Kf5 Rd4 56. Rh8+ Ke7 57. Rxd8 Kxd8 1-0